| 000 | 01992nam a22002297a 4500 | ||
|---|---|---|---|
| 999 |
_c1641 _d1641 |
||
| 020 | _a9780070092471 | ||
| 020 | _a0070092471 | ||
| 050 |
_aHB172 _b.M12 |
||
| 100 | _aCampbell R McConnell | ||
| 110 | _aStanley L Brue | ||
| 245 |
_aMacroeconomics : principles, problems, and policies/ _cCampbell R McConnell; Stanley L Brue; Sean Masaki Flynn |
||
| 250 | _a18. ed | ||
| 260 |
_aBoston : _bMcGraw-Hill Irwin, _c 2009. |
||
| 300 |
_axxxi,486p. _bill. _c26cm. |
||
| 440 | _aThe McGraw-Hill economics series | ||
| 500 | _aIncludes index. | ||
| 505 | _aPart 1: Introduction to Economics and the Economy Chapter 1: Limits, Alternatives, and Choices (+ Appendix) Chapter 2: The Market System and the Circular Flow Chapter 3: Demand, Supply and Market Equilibrium (+ Appendix) Chapter 4: The U.S. Economy: Private and Public Sectors Chapter 5: The United States in the Global Economy Part 2: Microeconomics of Product Markets Chapter 6: Elasticity, Consumer Surplus, and Producer Surplus Chapter 7: Consumer Behavior (+ Appendix) Chapter 8: The Costs of Production Chapter 9: Pure Competition Chapter 10: Pure Monopoly Chapter 11: Monopolistic Competition and Oligopoly (+ Appendix) Chapter 11W: Technology, R&D, and Efficiency Part 3: Microeconomics of Resource Markets Chapter 12: The Demand for Resources Chapter 13: Wage Determination (+ Appendix) Chapter 14: Rent, Interest, and Profit Chapter 15: Natural Resource and Energy Economics Part 4: Microeconomics of Government Chapter 16: Government and Market Failure Chapter 17: Public Choice Theory and the Economics of Taxation Part 5: Microeconomic Issues and Policies Chapter 18: Antitrust Policy and Regulation Chapter 19: Agriculture: Economics and Policy Chapter 20: Income Inequality, Discrimination, and Poverty Chapter 21: Health Care Chapter 22: Immigration Part 6: International Economics Chapter 23: International Trade | ||
| 650 | _aEconomics | ||
| 700 | _aStanley L Brue | ||
| 710 | _a Sean Masaki Flynn | ||
| 942 | _cBK | ||